000 00356nam a22001457a 4500
020 _a81-7130-205-x
082 _a894.812.3
_bMUK/D
100 _aMUKUNDAN, M
245 _aDAIVATHINTE VIKRUTHIKAL
246 _aDAIVATHINTE VIKRUTHIKAL
_bDAIVATHINTE VIKRUTHIKAL
260 _aKOTTAYAM
_bD C
_c2022
300 _a320
650 _aMALAYALAM NOVEL
942 _cBK
999 _c9049
_d9049